| 000 | 00721nam a2200205Ia 4500 | ||
|---|---|---|---|
| 003 | GCL | ||
| 008 | 140319s9999 xx 000 0 ara d | ||
| 040 |
_aGCL / _cGCL |
||
| 082 | 0 | 4 |
_a327.47 _bن ص |
| 100 | 1 | _aنورهان الشيخ | |
| 245 | 1 | 0 |
_aصناعة القرار فى روسيا والعلاقات العربية - الروسية / _cنورهان الشيخ |
| 300 | _a132 ص | ||
| 490 | _a | ||
| 650 | 0 | 4 | _aالعلاقات الخارجية |
| 650 | 0 | 4 | _aاتخاذ القرارات |
| 650 | 0 | 4 | _aالعلاقات العربية - الروسية |
| 650 | 0 | 4 | _aروسيا - العلاقات الخارجية |
| 650 | 0 | 4 | _aالعالم العربى - العلاقات الخارجية |
| 942 |
_2ddc _cBK |
||
| 999 |
_c52261 _d52261 |
||